Antes que nos ataquen de nuevo ; (Registro nro. 30819)

Detalles MARC
000 -LÍDER
campo de control de longitud fija 00668nam a22002057a 4500
005 - FECHA Y HORA DE LA ÚLTIMA
campo de control 20240820163659.0
008 - ELEMENTOS DE DATOS DE LONGITUD FIJA - INFORMACIÓN GENERAL
campo de control de longitud fija 240820e2006 sp |||||r|||| 001 0 spa d
020 ## - NÚMERO INTERNACIONAL NORMALIZADO DEL LIBRO
Número de libro estándar internacional 9788483077597
040 ## - FUENTE DE CATALOGACIÓN
Agencia de catalogación original CO-JMCR
Agencia de transcripción CO-JMCR
Agencia modificadora CO-JMCR
Convenciones de descripción rda
041 ## - CÓDIGO DE IDIOMA
Código de idioma del texto/pista de sonido o título independiente spa
082 ## - NÚMERO DE CLASIFICACIÓN DECIMAL DEWEY
Número de clasificación 320.011
Número de artículo A18a
100 ## - ENTRADA PRINCIPAL - NOMBRE PERSONAL
Término relativo autor
Nombre personal Ackerman , Bruce,
9 (RLIN) 43823
245 ## - DECLARACIÓN DEL TÍTULO
Título Antes que nos ataquen de nuevo ;
Resto del título La defensa de las libertades en tiempos de terrorismo :
Declaración de responsabilidad, etc. Bruce Ackerman.
246 ## - FORMA VARIABLE DEL TÍTULO
Título propiamente dicho/título corto Before the next attack
260 ## - PUBLICACIÓN, DISTRIBUCIÓN, ETC.
Lugar de publicación, distribución, etc. Barcelona :
Nombre del editor, distribuidor, etc. Península ,
Fecha de publicación, distribución, etc. 2006
300 ## - DESCRIPCIÓN FÍSICA
Medida 316 páginas ;
Dimensiones 23 cm
650 14 - ENTRADA AÑADIDA DE ASUNTO - TÉRMINO TEMÁTICO
Fuente del encabezado o término JMCR
-- Derechos humanos
650 24 - ENTRADA AÑADIDA DE ASUNTO - TÉRMINO TEMÁTICO
Fuente del encabezado o término JMCR
-- Ciencias politicas
942 ## - ELEMENTOS DE ENTRADA AÑADIDOS (KOHA)
Source of classification or shelving scheme Dewey Decimal Classification
Tipo de artículo Koha Books
999 ## -
-- 30819
-- 17203
Existencias
Estado retirado